000 00645nam a22002057a 4500
005 20251108164957.0
008 250721s1991 xx 000 0 ara d
082 1 4 _a214.1/قيم
100 1 _aإبن القيم الجوزيه، أبو عبد الله محمد بن أبي بكر
245 1 0 _aمقادير الخلائق /
250 _aط2.
264 1 _aالقاهره :
_bدار الحديث،
_c1991.
300 _a80ص
650 1 7 _aالإسلام
650 1 7 _aأصول الدين الإسلامي
650 1 7 _aالقضاء و القدر
700 1 _aإبراهيم، سيد
_eتحقيق
942 _2ddc
_cBK
999 _c18872
_d18872